| 000 | nam a22 7a 4500 | ||
|---|---|---|---|
| 999 |
_c127542 _d127542 |
||
| 008 | 180220b xxu||||| |||| 00| 0 eng d | ||
| 050 | _aLB1051.Z77 | ||
| 100 |
_aZindi, Fred _927457 |
||
| 245 |
_aFundamentals of educational psychology _cFred Zindi |
||
| 260 |
_aHarare _bUniversity of Zimbabwe Publications _c2017 |
||
| 300 |
_ax, 165p. ; _c21cm. |
||
| 650 |
_aEducational psychology _917222 |
||
| 942 |
_2lcc _cMONOGRAPH |
||